| 000 | 01008nam a2200289 i 4500 | ||
|---|---|---|---|
| 003 | EG-GICUC | ||
| 005 | 20260305143214.0 | ||
| 008 | 260305s1894 uk ||||fr|||| 001 0 eng d | ||
| 040 |
_aEG-GiCUC _beng _cEG-GiCUC _dEG-GiCUC _eRda |
||
| 082 | 0 | 4 |
_221 _a341.511041 _bHA . T |
| 092 | 0 | 4 | _221 |
| 099 | _aLaw1 11 341.511041 HA . T 1894 | ||
| 100 | 1 |
_aHall, William Edward _eAuthor. |
|
| 245 | 1 | 2 |
_aA Treatise on the Foreign Powers and Jurisdiction of Τhe British Crown / _b _cWilliam Edward Hall. _n |
| 264 | 3 |
_aOxford : _bAt the Clarendon Press, _c1894. |
|
| 300 |
_a304page : _billustration ; _c 24 cm. |
||
| 336 |
_2rda contenu _a texte |
||
| 337 |
_2rda medias _aOrdinateur |
||
| 338 |
_2 transporteur rda _a Ressource en ligne |
||
| 504 | _aIncludes bibliographical references and index. | ||
| 546 | _aText in English | ||
| 650 | 1 | 4 |
_aPublic international law _2 |
| 651 | 1 | _2 | |
| 856 | 4 | 0 | _uhttps://fll.law.cu.edu.eg/fulltext/bks/B11-08769.pdf |
| 905 | _a50 | ||
| 942 |
_2ddc _cBK _e21 _n0 |
||
| 999 |
_c64999 _d64999 |
||